000 00976nam a2200277 4500
003 OSt
005 20240608024445.0
006 a
008 240608b |||||||| |||| 00| 0 eng d
020 _a9781444148073
040 _aDWCL-Main lib.
_cOC
082 _2sixth edition
_aCirc. 363.1799 In61 2012
100 _aMartin, Alan
245 _aAn introduction to radiation protection /
250 _asixth edition
260 _aLondon :
_bHodder Arnold,
_cc2012.
300 _ax,
_b246 p. : ill. ;
_c23 cm.
504 _aIncludes bibliographical references Rev. ed. of: An introduction to radiation protection / Alan Martin and Sam Harbison. 5th ed. 2006.
650 _a1. Ionizing radiation–Safety measures.
650 _a2. Radiation–Physiological effect.
650 _a3. Radiation–Safety measures.
650 _a4. Radiation protection.
650 _a5. Radiation monitoring.
700 _aAlan Martin
942 _2ddc
_n0
_cBK-CIRC
_esixth edition
_kCirc.
999 _c398
_d398